000 00571nam a2200181Ia 4500
008 090123s9999 xx 000 0 und d
082 _b17560
_a891.463/पाठारे
100 _aपठारे रंगनाथ
245 _aचक्रव्युह
250 _a1
260 _bग्रंथाली प्रकाशन
_c1989
300 _a259
600 _aपठारे रंगनाथ
630 _aचक्रव्युह
700 _aपठारे रंगनाथ
730 _aचक्रव्युह
942 _cBOOK
999 _c55619
_d55619